Quiz sur l'Ardèche - Statistiques

Statistiques générales
  • Ce quiz a été pris 656 fois
    646 depuis la dernière actualisation
  • Le résultat moyen est 15 sur 20
Statistiques - réponses
Question Réponse % Correct
Numéro du département 07
99%
Région Auvergne-Rhône-Alpes
99%
Préfecture Privas
93%
Départements limitrophes Drôme
90%
La préfecture a la particularité d'être la moins ... de France. Peuplée
86%
Loire
80%
Gentilé Ardéchois
79%
Isère
78%
L'Ardèche est le leader français dans la récolte de ce fruit. Châtaigne
74%
Gard
74%
Haute-Loire
73%
Commune la plus peuplée Annonay
72%
Cavité la plus célèbre du sud de l'Ardèche inscrite au patrimoine mondial de l'Unesco. Grotte Chauvet
69%
Célèbre fratrie qui a effectué son premier vol du ballon à air chaud dans le nord de l'Ardèche. Montgolfier
69%
Vaucluse
66%
Lozère
63%
Lieu où le fleuve Loire prend sa source. Mont Gerbier de Jonc
58%
Tournon-sur-Rhône
47%
Sous-préfectures Largentière
45%
Nombre d'habitants (arrondi à la dizaine de milliers d'habitants) 330 000 (325 712)
37%
Aucun quiz correspondant
Distribution des résultats
% des personnes avec chaque résultat
Percentile par nombre de réponses
Votre historique - résultats
Vous n’avez pas pris ce quiz depuis la dernière actualisation